Experimentación en Química Inorgánica
Saved in:
| Main Authors: | , , , , , |
|---|---|
| Format: | Bog |
| Sprog: | spansk |
| Udgivet: |
Madrid
Dykinson S. L
2009
|
| Udgivelse: | 1a. ed |
| Serier: | Textos Docentes, 10
|
| Fag: | |
| Tags: |
Tilføj Tag
Ingen Tags, Vær først til at tagge denne postø!
|
MARC
| LEADER | 00000cam a2200000 a 4500 | ||
|---|---|---|---|
| 001 | UCC6045 | ||
| 003 | CL-VaPUC | ||
| 008 | 181116e20090000sp |||||||||||||||||spa|d | ||
| 020 | |a 9788498494013 | ||
| 082 | 0 | 4 | |a 546 |b GAR |2 21 |
| 100 | |a Garcés Osado, Andrés |e author |9 600487 | ||
| 700 | 0 | |a Gómez, Santiago |e author |9 600488 | |
| 700 | 0 | |a Hierro, Isabel del |e author |9 600489 | |
| 700 | 0 | |a Pérez, Yolanda |e author |9 600490 | |
| 700 | 0 | |a Prashar, Sanjiv |e author |9 600491 | |
| 700 | 0 | |a Sánchez-Barba, Luis Fernando |e author |9 600492 | |
| 245 | 1 | 0 | |a Experimentación en Química Inorgánica |
| 250 | |a 1a. ed | ||
| 300 | |a 174 p | ||
| 942 | |c BK | ||
| 945 | |d 20181116 13:40:00 |a dcastane | ||
| 260 | |a Madrid |b Dykinson S. L |c 2009 | ||
| 650 | 0 | |a Química inorgánica |9 260154 | |
| 650 | 7 | |a EXPERIMENTACION |2 CL-VaPUC |9 600493 | |
| 650 | 7 | |a EXPERIMENTOS QUIMICOS |2 CL-VaPUC |9 600494 | |
| 583 | |a last modification |c 20181116 13:40:00 |k Rodrigo Vera | ||
| 490 | 0 | |a Textos Docentes, 10 | |
| 999 | |c 373113 |d 373111 | ||
| 952 | |0 0 |1 0 |3 erb |4 0 |6 546_000000000000000_GAR_2009 |7 0 |8 A |9 491060 |a BIBCUR |b BIBCUR |i 5515025 |l 1 |o 546 GAR 2009 |p 5515025 |r 2025-04-22 |s 2023-05-09 |w 2019-11-24 |y BK |z Catalogado en:20181116 |k QUI | ||
| 952 | |0 0 |1 0 |3 erb |4 0 |6 546_000000000000000_GAR_2009 |7 0 |8 A |9 491061 |a BIBCUR |b BIBCUR |i 5515017 |l 1 |m 2 |o 546 GAR 2009 |p 5515017 |r 2025-04-22 |s 2023-05-26 |w 2019-11-24 |y BK |z Catalogado en:20181116 |k QUI | ||
| 952 | |0 0 |1 0 |3 erb |4 0 |6 546_000000000000000_GAR_2009 |7 0 |8 A |9 491062 |a BIBCUR |b BIBCUR |i 5515009 |l 1 |m 2 |o 546 GAR 2009 |p 5515009 |r 2025-04-22 |s 2023-04-25 |w 2019-11-24 |y BK |z Catalogado en:20181116 |k QUI | ||